000
00292nam a22001337a 4500
008
170130b xxu||||| |||| 00| 0 eng d
020
_a
9780780810051
041
_a
eng
080
_2
4TH
_a
61
100
_a
3
101
_a
SHMI
245
_a
DIABETES SOURCEBOOK
_c
BELLENIR, K
942
_2
udc
_c
BK
999
_c
4007
_d
4007